000 00624nam a2200193 a 4500
001 BRCA_609
005 20190320203101.0
008 000525s2000 fr-a---##b---#000-0#fre-#
020 _a2879004969
040 _aDLC
_cDLC
050 4 _aN6550
_b.S66 2000
245 1 0 _aSoleils mexicains.
260 _aParís
_bParis musées
_c2000
300 _a284, [4] p.
_bil. a color
_c34 cm.
500 _aCatálogo de la exposición realizada en el Petit Palais, Musée des Beaux - Arts (París), 29 abril - 13 agosto, 2000
504 _aBibliografía: p. [287]
650 1 4 _aArte mexicano
_vExposiciones
_zFrancia
_92081
942 _2lcc
_cB
999 _c535
_d535